00294nam a2200097 4500082001200000245007100012260004600083300000700129500002900136650003100165 a540 POV aPoverty Alleviation Through Chemistry for Improved Food Production bRoyal Society Of Chemistrysri lankac1991 a76 aProceedings of symposium achemistryaFood Production